| 000 | 00372nam a2200145Ia 4500 | ||
|---|---|---|---|
| 008 | 151213s9999 xx 000 0 und d | ||
| 100 | _aDr. R.Prokash | ||
| 245 |
_aThe Art of Conveyancing and Pleading _cDr. R.Prokash |
||
| 260 |
_aNew Delhi _bEstern Book Company _c2004 |
||
| 300 | _a5900 p. | ||
| 650 | _aLaw | ||
| 650 | _aLaw | ||
| 700 | _aDr. R.Prokash | ||
| 999 |
_c3414 _d3414 |
||